Geografía de Australia y Nueva Zelanda / (Record no. 124537)

MARC details
000 -LEADER
campo de control de longitud fija 00751nam a2200229 i 4500
001 - NÚMERO DE CONTROL
campo de control 124537
003 - IDENTIFICADOR DE NÚMERO DE CONTROL
campo de control ES-MaACL
005 - FECHA Y HORA DE LA ÚLTIMA TRANSACCIÓN
campo de control 20250813062625.0
007 - CAMPO FIJO DE DESCRIPCIÓN FÍSICA--INFORMACIÓN GENERAL
campo de control de longitud fija t|
008 - DATOS DE LONGITUD FIJA--INFORMACIÓN GENERAL
campo de control de longitud fija 070329s1933 sp ||||1| spa d
080 ## - NÚMERO DE LA CLASIFICACIÓN DECIMAL UNIVERSAL
Número de la Clasificación Decimal Universal 91(94+931)
100 1# - ENTRADA PRINCIPAL--NOMBRE DE PERSONA
Nombre de persona Melón y Ruiz de Gordejuela, Amando,
Fechas asociadas al nombre 1895-1975
9 (RLIN) 80024
245 10 - MENCIÓN DEL TÍTULO
Título Geografía de Australia y Nueva Zelanda /
Mención de responsabilidad, etc. Amando Melón R. de Gordejuela.
260 ## - PUBLICACIÓN, DISTRIBUCIÓN, ETC.
Lugar de publicación, distribución, etc. Barcelona :
Nombre del editor, distribuidor, etc. Labor,
Fecha de publicación, distribución, etc. [1933]
300 ## - DESCRIPCIÓN FÍSICA
Extensión 224 p., XVI p. de lám., 2 map. pleg. :
Otras características físicas il. ;
Dimensiones 17 cm.
490 1# - MENCIÓN DE SERIE
Mención de serie Colección Labor ;
Designación de volumen o secuencia 321
651 #4 - PUNTO DE ACCESO ADICIONAL DE MATERIA--NOMBRE GEOGRÁFICO
Nombre geográfico Australia-
Subdivisión general Geografía.
9 (RLIN) 165154
651 #4 - PUNTO DE ACCESO ADICIONAL DE MATERIA--NOMBRE GEOGRÁFICO
Nombre geográfico Nueva Zelanda-
Subdivisión general Geografía.
9 (RLIN) 165155
830 00 - PUNTO DE ACCESO ADICIONAL DE SERIE-TÍTULO UNIFORME
Título uniforme Colección Labor
Designación de volumen o secuencia 321
9 (RLIN) 184254
852 ## - LOCALIZACIÓN
Ubicación ES-MaACL
Número de control de estantería E-2810
Holdings
Estatus retirado Estado de pérdida Estado de daño No para préstamo Biblioteca de origen Biblioteca actual Ubicación en estantería Fecha de adquisición Fuente de adquisición Total de préstamos Signatura topográfica completa Código de barras Visto por última vez Precio de reemplazo Tipo de ítem Koha
        Biblioteca del Ateneo de Madrid Biblioteca del Ateneo de Madrid Depósito 2 17/01/2008     E-2810 1129751 23/02/2023 23/02/2023 Libro impreso